[Event "SUI-ch U16"]
[Site "Biel"]
[Date "2022.07.20"]
[Round "5"]
[White "Palmonella, Valentin"]
[Black "Saminskij, David"]
[Result "1-0"]
[WhiteElo "1778"]
[BlackElo "1469"]
[PlyCount "65"]
[EventDate "2022.07.18"]
[EventType "swiss"]
[EventRounds "7"]
[EventCountry "SUI"]
[SourceTitle "EXT 2023"]
[Source "ChessBase"]
[SourceDate "2022.10.05"]
[SourceVersion "1"]
[SourceVersionDate "2022.10.05"]
[SourceQuality "1"]

1. e4 e6 2. d4 d5 3. Nd2 c5 4. exd5 Qxd5 5. Ngf3 Nf6 6. Bc4 Qd8 7. 0-0 Nc6 8. Nb3 cxd4 9. Nbxd4 Nxd4 10. Nxd4 Be7 11. Bf4 Nd5 12. Bg3 a6 13. c3 0-0 14. Qf3 b5 15. Nc6 Qd7 16. Bxd5 exd5 17. Qxd5 Bd8 18. Qxd7 Bxd7 19. Nxd8 Raxd8 20. Bc7 Rc8 21. Ba5 Rfe8 22. Rfe1 Rxe1+ 23. Rxe1 Re8 24. Rd1 Be6 25. b3 g6 26. f3 Re7 27. Rd8+ Kg7 28. Bb6 Bf5 29. Kf2 Bb1 30. Bd4+ f6 31. Rd6 Kh6 32. Bxf6 Re8 33. g4 1-0

[Event "SUI-ch U16"]
[Site "Biel"]
[Date "2022.07.18"]
[Round "1"]
[White "Palmonella, Valentin"]
[Black "Erne, Raphael"]
[Result "0-1"]
[WhiteElo "1778"]
[BlackElo "2060"]
[PlyCount "66"]
[EventDate "2022.07.18"]
[EventType "swiss"]
[EventRounds "7"]
[EventCountry "SUI"]
[SourceTitle "EXT 2023"]
[Source "ChessBase"]
[SourceDate "2022.10.05"]
[SourceVersion "1"]
[SourceVersionDate "2022.10.05"]
[SourceQuality "1"]

1. e4 c6 2. Nc3 d5 3. Nf3 Nf6 4. e5 Ne4 5. d4 Nxc3 6. bxc3 c5 7. c4 Nc6 8. c3 cxd4 9. cxd4 Bg4 10. Bb2 e6 11. c5 Be7 12. Qb3 Qc7 13. Nd2 0-0 14. h3 Bf5 15. g4 Bg6 16. h4 f6 17. h5 Be8 18. exf6 Bxf6 19. Qe3 e5 20. Bg2 exd4 21. Qb3 Bf7 22. 0-0-0 Na5 23. Qb4 Rac8 24. Kb1 Qxc5 25. Qa4 d3 26. Rc1 Qb6 27. Nb3 Bxb2 28. Rxc8 Rxc8 29. Kxb2 Qxf2+ 30. Ka3 Nc4+ 31. Kb4 a5+ 32. Nxa5 Qc5+ 33. Kb3 Nxa5+ 0-1